江苏省地级市 - Statistics

General Stats
  • This quiz has been taken 72 times
  • The average score is 12 of 13
Answer Stats
车牌 人口 地级市 % Correct
A 9,491,100 南京
100%
D 5,366,200 常州
98%
E 16,196,900 苏州
98%
G 4,600,500 连云港
98%
F 7,743,500 南通
94%
B 7,490,800 无锡
92%
C 9,018,500 徐州
92%
M 4,505,600 泰州
92%
H 4,553,100 淮安
91%
K 4,582,900 扬州
91%
J 6,689,700 盐城
89%
L 3,222,200 镇江
88%
N 4,975,300 宿迁
86%
No matching quizzes found
Score Distribution
Percent of People with Each Score
Percentile by Number Answered
Your Score History
You have not taken this quiz